[Event "Memorial Armando Rizzoni"]
[Site "Campinas"]
[Date "2009.05.09"]
[Round "6"]
[White "Rodriguez, Andres"]
[Black "Fusco, Leonardo"]
[Result "1/2-1/2"]
[WhiteElo "2524"]
[BlackElo "2405"]
[PlyCount "127"]
[EventDate "2009.05.13"]
[SourceDate "2009.05.04"]

1. d4 Nf6 2. c4 g6 3. Nc3 d5 4. Nf3 Bg7 5. e3 O-O 6. b4 b6 7. Ba3 Bb7 8. Rc1
Nbd7 9. Qb3 e6 10. b5 dxc4 11. Bxc4 Re8 12. O-O Ne4 13. Nxe4 Bxe4 14. Rfd1 Nf6
15. Ne5 Bb7 16. Bf1 a6 17. Bb2 Bf8 18. f3 Bd5 19. Qc2 axb5 20. Bxb5 Rxa2 21.
Bxe8 Nxe8 22. e4 Bb7 23. Qb3 Ra8 24. d5 exd5 25. exd5 Bd6 26. Ng4 h5 27. Qc3 f6
28. Nf2 Bc5 29. Qb3 Nd6 30. Rxc5 bxc5 31. Ne4 c4 32. Qb4 Nxe4 33. fxe4 Ba6 34.
d6 cxd6 35. Rxd6 Qc7 36. e5 Rd8 37. Qd2 Rxd6 38. exd6 Qa7+ 39. Kh1 Bc8 40. Bxf6
Qf7 41. Qd4 Be6 42. h4 Qb7 43. Kh2 Qc6 44. Qe5 Qd7 45. Be7 Bf5 46. Qd4 Be6 47.
Qe3 Kh7 48. Qe4 Bf5 49. Qd4 Qc8 50. Qc3 Qe6 51. Kg3 Qd5 52. Qf6 Qe6 53. Qd4
Qe1+ 54. Kh2 Qe6 55. Bg5 c3 56. Bf4 c2 57. Bc1 Kg8 58. Bh6 Qd7 59. Qf6 Qf7 60.
Qd8+ Kh7 61. Bc1 Qg7 62. Qe8 Qf6 63. g3 Qe6 64. Qxe6 1/2-1/2

[Event "Memorial Armando Rizzoni"]
[Site "Campinas"]
[Date "2009.05.09"]
[Round "6"]
[White "Oliveira, Silvio Eduardo"]
[Black "Saldano Dayer, Horacio"]
[Result "1/2-1/2"]
[WhiteElo "2360"]
[BlackElo "2449"]
[PlyCount "155"]
[EventDate "2009.05.13"]
[SourceDate "2009.05.04"]

1. e4 c5 2. Nf3 e6 3. d4 cxd4 4. Nxd4 a6 5. Bd3 Bc5 6. Nb3 Be7 7. Qg4 g6 8. Qe2
d6 9. O-O Nd7 10. f4 Qc7 11. a4 b6 12. Be3 Ngf6 13. N1d2 O-O 14. a5 b5 15. Rfc1
Re8 16. c4 b4 17. c5 dxc5 18. e5 Nd5 19. Ne4 Bb7 20. Nbxc5 Nxc5 21. Nxc5 Nxf4
22. Bxf4 Bxc5+ 23. Kh1 Qe7 24. Rc2 Rec8 25. Rac1 Qh4 26. Be4 Bxe4 27. Qxe4 g5
28. Rxc5 Rd8 29. g3 Qg4 30. Rg1 Kf8 31. Rc7 Rab8 32. Qe3 gxf4 33. gxf4 Rd1 34.
Rc1 Qxg1+ 35. Qxg1 Rxg1+ 36. Kxg1 Rb5 37. Rc4 b3 38. Kf2 Kg7 39. Rc3 Rb4 40.
Kf3 Kg6 41. Rc8 h5 42. h4 Ra4 43. Rb8 Rxa5 44. Rxb3 Ra1 45. Rb8 Rf1+ 46. Ke3
Rh1 47. Rg8+ Kh7 48. Ra8 Rxh4 49. Rxa6 Rh3+ 50. Ke4 Rb3 51. f5 Rb4+ 52. Kf3
exf5 53. Rf6 Rxb2 54. Rxf5 Kg6 55. Rf6+ Kg7 56. Rf5 h4 57. Rh5 Rb4 58. Rg5+ Kf8
59. Rh5 Ke7 60. Rh6 h3 61. Kg3 Re4 62. Kf3 Rxe5 63. Rxh3 Ra5 64. Kf4 Ke6 65.
Re3+ Kf6 66. Rb3 Ra4+ 67. Kf3 Kg5 68. Kg3 Ra1 69. Rc3 Rg1+ 70. Kf3 f5 71. Ra3
Rh1 72. Kg3 f4+ 73. Kg2 Rh8 74. Ra7 Rc8 75. Rg7+ Kf6 76. Ra7 Rc3 77. Ra5 Re3
78. Kf2 1/2-1/2

[Event "Memorial Armando Rizzoni"]
[Site "Campinas"]
[Date "2009.05.09"]
[Round "7"]
[White "De Nucci, Gilberto"]
[Black "Oliveira, Silvio Eduardo"]
[Result "0-1"]
[WhiteElo "2060"]
[BlackElo "2360"]
[PlyCount "74"]
[EventDate "2009.05.13"]
[SourceDate "2009.05.04"]

1. Nf3 d5 2. c4 e6 3. b3 Nf6 4. Bb2 Be7 5. e3 O-O 6. Be2 a5 7. O-O a4 8. bxa4
Bd7 9. Nc3 Ne4 10. cxd5 Nxc3 11. Bxc3 exd5 12. Qb3 Bc8 13. Qb2 f6 14. Bd3 Qe8
15. e4 Qh5 16. Qb3 c6 17. exd5 cxd5 18. Rfe1 Nc6 19. Nd4 Bd6 20. g3 Bc5 21. Be2
Qf7 22. Bf3 Rd8 23. Nxc6 bxc6 24. d4 Bd6 25. a5 Ba6 26. Qc2 Qd7 27. Rab1 Bc4
28. Be2 Bxe2 29. Qxe2 Ra7 30. Rb3 c5 31. Qb5 Qc8 32. Bb2 Bf8 33. dxc5 Qc7 34.
Bd4 Qxa5 35. Rc1 Qd2 36. Bb2 Rxa2 37. c6 Rxb2 0-1

[Event "Memorial Armando Rizzoni"]
[Site "Campinas"]
[Date "2009.05.09"]
[Round "7"]
[White "Fusco, Leonardo"]
[Black "Chauca Murgas, Jose Luis"]
[Result "1-0"]
[WhiteElo "2405"]
[BlackElo "2098"]
[PlyCount "75"]
[EventDate "2009.05.13"]
[SourceDate "2009.05.04"]

1. e4 c5 2. Nf3 e6 3. d4 cxd4 4. Nxd4 a6 5. Bd3 Nc6 6. Nxc6 bxc6 7. O-O e5 8.
f4 d6 9. Na3 Nf6 10. Nc4 Qc7 11. Qe1 Be7 12. fxe5 dxe5 13. Qg3 Ng4 14. h3 Bc5+
15. Kh1 h5 16. Ne3 h4 17. Qe1 Nxe3 18. Bxe3 Qb6 19. Qf2 Bxe3 20. Qxf7+ Kd8 21.
Qxg7 Re8 22. Rad1 Ra7 23. Bc4+ Bd4 24. Rf7 Rxf7 25. Bxf7 Qc7 26. c3 c5 27. Qf6+
Re7 28. cxd4 cxd4 29. Qh8+ Kd7 30. Bg6 Kd6 31. Rf1 Be6 32. Bf5 Qc4 33. Qd8+ Rd7
34. Qb8+ Ke7 35. Rf3 Rd8 36. Qxe5 d3 37. Bxe6 Qxe6 38. Qg7+ 1-0

[Event "Memorial Armando Rizzoni"]
[Site "Campinas"]
[Date "2009.05.09"]
[Round "7"]
[White "Santos, Marcus Vinicius M"]
[Black "Rodriguez, Andres"]
[Result "0-1"]
[WhiteElo "2399"]
[BlackElo "2524"]
[PlyCount "110"]
[EventDate "2009.05.13"]
[SourceDate "2009.05.04"]

1. d4 e6 2. Nf3 c5 3. c4 cxd4 4. Nxd4 Nf6 5. g3 d5 6. Bg2 e5 7. Nf3 d4 8. O-O
Nc6 9. e3 Bc5 10. exd4 exd4 11. Re1+ Be6 12. Ng5 O-O 13. Nxe6 fxe6 14. Nd2 e5
15. Ne4 Nxe4 16. Bxe4 Qf6 17. Rf1 Rad8 18. Qh5 h6 19. g4 Qf7 20. Bd5 Rxd5 21.
Qxf7+ Kxf7 22. cxd5 Nb4 23. f3 Nc2 24. Rb1 Rd8 25. b4 Bb6 26. a4 d3+ 27. Kg2
Rxd5 28. Bd2 Be3 29. Rfd1 Bxd2 30. Rxd2 Ne3+ 31. Kf2 Nc4 32. Rdd1 d2 33. Ke2
Ke6 34. Rb3 Rd4 35. Rdb1 Kd5 36. h3 e4 37. fxe4+ Rxe4+ 38. Kf2 Kd4 39. Rd1 g5
40. Rg3 a6 41. Rb3 Re6 42. Rf3 Rb6 43. Rb3 a5 44. b5 Re6 45. Rf3 Re4 46. Rg3 b6
47. Rb3 Kc5 48. Ra1 Nd6 49. Rd3 Rc4 50. Rd1 Rxa4 51. Ke2 Ne4 52. Ke3 Rc4 53.
Rd8 Kb4 54. Rd4 Rxd4 55. Kxd4 Kb3 0-1

[Event "Memorial Armando Rizzoni"]
[Site "Campinas"]
[Date "2009.05.09"]
[Round "7"]
[White "Name, Gabriel Ricardo S"]
[Black "Leitao, Rafael"]
[Result "0-1"]
[WhiteElo "2239"]
[BlackElo "2590"]
[PlyCount "88"]
[EventDate "2009.05.13"]
[SourceDate "2009.05.04"]

1. Nf3 Nf6 2. d4 e6 3. Bg5 c5 4. e3 h6 5. Bh4 b6 6. Bd3 Bb7 7. Nbd2 Be7 8. c3
Nc6 9. a3 O-O 10. O-O d5 11. Bg3 Nh5 12. b4 Nxg3 13. hxg3 Qc7 14. Rb1 a5 15. b5
Nb8 16. a4 Nd7 17. e4 dxe4 18. Bxe4 Rac8 19. Qe2 Rfd8 20. Bxb7 Qxb7 21. Nc4 Nf6
22. Rbc1 cxd4 23. cxd4 Nd5 24. Qe4 Bf6 25. Nce5 Rxc1 26. Rxc1 Qe7 27. Rc4 Qa3
28. Qc2 Qa1+ 29. Qc1 Qxc1+ 30. Rxc1 Bxe5 31. dxe5 Nb4 32. Kf1 g5 33. g4 Rd3 34.
Ra1 Nd5 35. Ne1 Rd4 36. Ra3 Rxg4 37. Nd3 Rc4 38. Ke1 Kg7 39. f3 h5 40. Kd2 Kg6
41. Ra1 Kf5 42. Nb2 Rd4+ 43. Kc2 Kxe5 44. Re1+ Kd6 0-1

[Event "Memorial Armando Rizzoni"]
[Site "Campinas"]
[Date "2009.05.09"]
[Round "7"]
[White "Barreto Filho, Carlos Alberto"]
[Black "Fier, Alexandr"]
[Result "0-1"]
[WhiteElo "2273"]
[BlackElo "2595"]
[PlyCount "48"]
[EventDate "2009.05.13"]
[SourceDate "2009.05.04"]

1. d4 d5 2. c4 e6 3. Nf3 Nf6 4. Nc3 c6 5. e3 Nbd7 6. b3 Bd6 7. Bb2 O-O 8. Qc2
b6 9. Be2 Bb7 10. O-O Qe7 11. e4 dxe4 12. Nxe4 Nxe4 13. Qxe4 f5 14. Qh4 Rf6 15.
Ne5 c5 16. f4 Nxe5 17. dxe5 Rg6 18. Qh3 Bxg2 19. Qxg2 Rxg2+ 20. Kxg2 Bc7 21.
Kh1 Rd8 22. Rad1 Rxd1 23. Rxd1 Qh4 24. Rf1 g5 0-1

[Event "Memorial Armando Rizzoni"]
[Site "Campinas"]
[Date "2009.05.10"]
[Round "8"]
[White "Leitao, Rafael"]
[Black "Barreto Filho, Carlos Alberto"]
[Result "1-0"]
[WhiteElo "2595"]
[BlackElo "2273"]
[PlyCount "47"]
[EventDate "2009.05.13"]
[SourceDate "2009.05.04"]

1. d4 d5 2. c4 c6 3. Nc3 Nf6 4. e3 a6 5. Qc2 g6 6. Bd3 Bg7 7. Nf3 O-O 8. O-O
Nbd7 9. a4 Re8 10. cxd5 Nxd5 11. Nxd5 cxd5 12. Qb3 e6 13. Bd2 b6 14. e4 Bb7 15.
e5 Rc8 16. Rfe1 Rc7 17. h4 Qa8 18. Bb4 Bf8 19. Bxf8 Rxf8 20. h5 Rfc8 21. Ng5
Qa7 22. hxg6 hxg6 23. Qd1 Nf8 24. Qg4 1-0

[Event "Memorial Armando Rizzoni"]
[Site "Campinas"]
[Date "2009.05.10"]
[Round "8"]
[White "Rodriguez, Andres"]
[Black "Name, Gabriel Ricardo S"]
[Result "1-0"]
[WhiteElo "2524"]
[BlackElo "2239"]
[PlyCount "103"]
[EventDate "2009.05.13"]
[SourceDate "2009.05.04"]

1. e4 c6 2. d4 d5 3. Nd2 dxe4 4. Nxe4 Nd7 5. Ng5 Nb6 6. Bd3 Nf6 7. Ne2 e6 8.
O-O c5 9. c3 cxd4 10. Nxd4 Be7 11. Qc2 Bd7 12. Rd1 Qc7 13. Nb5 Qb8 14. g3 Nbd5
15. Qe2 a6 16. c4 axb5 17. cxd5 Nxd5 18. Bxb5 Qc8 19. Bc4 Bc6 20. h4 Qd7 21.
Nf3 O-O 22. Ne5 Qc7 23. h5 Bd6 24. Nxc6 bxc6 25. Kg2 Rfb8 26. Rd3 Rb4 27. Rf3
Be5 28. Bb3 Rb7 29. Rb1 Bd4 30. Bc2 Nb4 31. Bxh7+ Kxh7 32. Qe4+ Kg8 33. Qxd4
Qd7 34. Qxd7 Rxd7 35. a3 Nd3 36. Kf1 Ra5 37. Ke2 Rad5 38. b4 e5 39. g4 Rd4 40.
g5 e4 41. Rf5 g6 42. hxg6 fxg6 43. Rf6 Rc4 44. Rxg6+ Kh7 45. Rh6+ Kg8 46. Be3
Rc2+ 47. Kf1 Nxf2 48. Bxf2 Rf7 49. Rf6 Rh7 50. Rb3 Rh1+ 51. Kg2 Re1 52. Rxc6
1-0

[Event "Memorial Armando Rizzoni"]
[Site "Campinas"]
[Date "2009.05.10"]
[Round "8"]
[White "Chauca Murgas, Jose Luis"]
[Black "Santos, Marcus Vinicius M"]
[Result "0-1"]
[WhiteElo "2098"]
[BlackElo "2399"]
[PlyCount "76"]
[EventDate "2009.05.13"]
[SourceDate "2009.05.04"]

1. e4 e5 2. Nf3 Nc6 3. Bb5 f5 4. Nc3 fxe4 5. Nxe4 d5 6. Nxe5 dxe4 7. Nxc6 Qd5
8. c4 Qd6 9. Qh5+ g6 10. Qe5+ Qxe5 11. Nxe5+ c6 12. Ba4 Bg7 13. d4 exd3 14. Bf4
Bf5 15. O-O-O Nf6 16. Nxd3 O-O-O 17. Bc2 Rd4 18. Be5 Rxc4 19. f3 Re8 20. Rhe1
Bh6+ 21. Kb1 Nd5 22. g4 Rxc2 23. Kxc2 Nb4+ 24. Kc3 Nxd3 25. Rxd3 Bxd3 26. Kxd3
Bf4 27. Kd4 Bxh2 28. Re4 c5+ 29. Kd5 Rxe5+ 30. Rxe5 Bxe5 31. Kxe5 b5 32. g5 Kc7
33. Kf6 c4 34. a3 a5 35. Kg7 b4 36. axb4 axb4 37. Kxh7 c3 38. bxc3 bxc3 0-1

[Event "Memorial Armando Rizzoni"]
[Site "Campinas"]
[Date "2009.05.10"]
[Round "8"]
[White "Oliveira, Silvio Eduardo"]
[Black "El Debs, Felipe de Cresce"]
[Result "1/2-1/2"]
[WhiteElo "2360"]
[BlackElo "2465"]
[PlyCount "25"]
[EventDate "2009.05.13"]
[SourceDate "2009.05.04"]

1. e4 c5 2. Nf3 e6 3. d4 cxd4 4. Nxd4 Nc6 5. Nc3 Qc7 6. Be3 Nf6 7. f4 Bb4 8.
Ndb5 Qa5 9. e5 Nd5 10. Bd2 Nxc3 11. bxc3 Bc5 12. c4 Qd8 13. Bd3 1/2-1/2

[Event "Memorial Armando Rizzoni"]
[Site "Campinas"]
[Date "2009.05.10"]
[Round "8"]
[White "Saldano Dayer, Horacio"]
[Black "De Nucci, Gilberto"]
[Result "1-0"]
[WhiteElo "2449"]
[BlackElo "2060"]
[PlyCount "103"]
[EventDate "2009.05.13"]
[SourceDate "2009.05.04"]

1. c4 e5 2. Nc3 Nf6 3. Nf3 Nc6 4. g3 d5 5. cxd5 Nxd5 6. Bg2 Be6 7. O-O Be7 8.
d4 exd4 9. Nxd4 Nxd4 10. Qxd4 Nxc3 11. Qxc3 O-O 12. Bxb7 Rb8 13. Bg2 Bf6 14.
Qa3 Qd4 15. Rb1 Bf5 16. e4 Bxe4 17. Be3 Qd3 18. Bxe4 Qxe4 19. b3 Bd4 20. Qa4 c5
21. Rbd1 Rbd8 22. Bxd4 cxd4 23. Qxa7 d3 24. Qe3 Qf5 25. Rfe1 Rd5 26. Rd2 h6 27.
Qe4 Qd7 28. Qe7 Qc6 29. Qe4 Qd7 30. Kg2 Kh8 31. Qe7 Qc8 32. Re3 Rfd8 33. Qxf7
Qc6 34. Qf3 Qc3 35. Qd1 Rd4 36. a4 Qc6+ 37. Kg1 Qc3 38. a5 Qxa5 39. Rdxd3 Rxd3
40. Rxd3 Re8 41. Kg2 Rg8 42. h4 Qb6 43. Qf3 Qb4 44. Rd7 Rf8 45. Rf7 Rb8 46. g4
Kg8 47. Rf4 Qe7 48. Qd5+ Kh8 49. g5 hxg5 50. hxg5 Rb4 51. Rc4 Qf8 52. g6 1-0

[Event "Memorial Armando Rizzoni"]
[Site "Campinas"]
[Date "2009.05.10"]
[Round "9"]
[White "El Debs, Felipe de Cresce"]
[Black "Saldano Dayer, Horacio"]
[Result "1-0"]
[WhiteElo "2465"]
[BlackElo "2449"]
[PlyCount "203"]
[EventDate "2009.05.13"]
[SourceDate "2009.05.04"]

1. Nf3 Nf6 2. c4 g6 3. Nc3 Bg7 4. e4 d6 5. d4 O-O 6. Be2 c5 7. O-O cxd4 8. Nxd4
Nc6 9. Be3 Bd7 10. Qd2 Nxd4 11. Bxd4 Bc6 12. f3 a5 13. b3 Nd7 14. Be3 Nc5 15.
Rab1 e6 16. Rfd1 Be5 17. Qe1 Qc7 18. Rbc1 Rfd8 19. Qh4 b6 20. Bf1 Rd7 21. Kh1
Qd8 22. Bg5 Qf8 23. Ne2 Qg7 24. Rd2 f6 25. Bh6 Qf7 26. Be3 g5 27. Qf2 Qh5 28.
h3 Qg6 29. Bd4 g4 30. Bxe5 fxe5 31. Qe3 gxh3 32. Ng1 h2 33. Nh3 Kh8 34. Rcd1
Rad8 35. Kxh2 Qf6 36. Bd3 Rg8 37. Bc2 Qh4 38. Qf2 Qxf2 39. Nxf2 Rgd8 40. Ng4
Kg7 41. Ne3 b5 42. cxb5 Bxb5 43. Kg1 h5 44. Kf2 Kf6 45. Rh1 Kg5 46. Rhd1 Kf6
47. Bb1 Kg5 48. Kg3 Bc6 49. Bc2 Bb5 50. Kf2 Kf6 51. Kg3 Kg5 52. a3 Kg6 53. Kh4
Kf6 54. Kh3 Kg5 55. Kg3 Kg6 56. b4 axb4 57. axb4 Na6 58. Bb3 Kf6 59. Bc4 Bxc4
60. Nxc4 Nxb4 61. Nxd6 Kg6 62. Kh4 Nc2 63. Rxc2 Rxd6 64. Rxd6 Rxd6 65. Rc5 Kf6
66. Kxh5 Rd2 67. g3 Rh2+ 68. Kg4 Rh8 69. Rc7 Rh1 70. Rc8 Rh2 71. Rg8 Rh1 72.
Rg5 Rf1 73. Rh5 Rf2 74. Rh6+ Kf7 75. Rh1 Kg6 76. Ra1 Rh2 77. Ra6 Kf6 78. f4
exf4 79. gxf4 Kf7 80. Ra7+ Kg6 81. e5 Rg2+ 82. Kf3 Rb2 83. Re7 Rb6 84. Kg4 Rc6
85. Re8 Rb6 86. Rf8 Kg7 87. Rf6 Ra6 88. Kg5 Rb6 89. f5 Rb1 90. Rxe6 Rg1+ 91.
Kf4 Rf1+ 92. Ke4 Re1+ 93. Kd5 Rd1+ 94. Kc6 Kf7 95. Rd6 Rf1 96. Kd7 Re1 97. Rf6+
Kg8 98. e6 Rd1+ 99. Ke7 Ra1 100. Rg6+ Kh7 101. Kf7 Ra7+ 102. e7 1-0

[Event "Memorial Armando Rizzoni"]
[Site "Campinas"]
[Date "2009.05.10"]
[Round "9"]
[White "Fusco, Leonardo"]
[Black "Oliveira, Silvio Eduardo"]
[Result "1/2-1/2"]
[WhiteElo "2405"]
[BlackElo "2360"]
[PlyCount "20"]
[EventDate "2009.05.13"]
[SourceDate "2009.05.04"]

1. e4 c5 2. Nf3 Nc6 3. d4 cxd4 4. Nxd4 Nf6 5. Nc3 d6 6. f3 e6 7. Be3 Be7 8. Qd2
O-O 9. O-O-O a6 10. g4 Nd7 1/2-1/2

[Event "Memorial Armando Rizzoni"]
[Site "Campinas"]
[Date "2009.05.10"]
[Round "9"]
[White "Name, Gabriel Ricardo S"]
[Black "Chauca Murgas, Jose Luis"]
[Result "1-0"]
[WhiteElo "2239"]
[BlackElo "2098"]
[PlyCount "58"]
[EventDate "2009.05.13"]
[SourceDate "2009.05.04"]

1. Nf3 Nf6 2. c4 e6 3. d4 d5 4. cxd5 exd5 5. Bg5 c6 6. Qc2 Be7 7. Nc3 Nbd7 8.
e3 Nh5 9. Bxe7 Qxe7 10. Bd3 Nf4 11. Bf1 O-O 12. g3 Ng6 13. Bg2 f5 14. O-O Nf6
15. a3 Bd7 16. Rfe1 Ne4 17. Ne2 Rae8 18. Nc1 h5 19. h4 Nf6 20. Nd3 Ng4 21. b4
Qd6 22. Qd2 Re7 23. Rab1 b6 24. a4 a6 25. Rbc1 Ra8 26. Ng5 Rae8 27. Nh3 Nh8 28.
Nhf4 g6 29. b5 cxb5 $138 1-0

[Event "Memorial Armando Rizzoni"]
[Site "Campinas"]
[Date "2009.05.10"]
[Round "9"]
[White "Barreto Filho, Carlos Alberto"]
[Black "Rodriguez, Andres"]
[Result "0-1"]
[WhiteElo "2273"]
[BlackElo "2524"]
[PlyCount "88"]
[EventDate "2009.05.13"]
[SourceDate "2009.05.04"]

1. e4 e5 2. Nf3 Nc6 3. Bb5 a6 4. Ba4 Nf6 5. O-O b5 6. Bb3 Bc5 7. d3 d6 8. a4
Bg4 9. c3 O-O 10. h3 Bh5 11. Bg5 Rb8 12. axb5 axb5 13. Nbd2 h6 14. Bxf6 Qxf6
15. Qe2 Nd8 16. g4 Bg6 17. Ne1 Ne6 18. Ng2 b4 19. Rab1 c6 20. Qf3 Qe7 21. Qg3
Rfd8 22. Nf3 Qf6 23. Nfh4 Nf4 24. Qf3 Bh7 25. Nf5 Bxf5 26. gxf5 d5 27. Nxf4
dxe4 28. Qxe4 exf4 29. d4 Bf8 30. Qxf4 c5 31. Rfd1 cxd4 32. cxd4 Rb5 33. d5 Bd6
34. Qf3 Be5 35. Bc4 Ra5 36. Kh1 Bxb2 37. Rd3 Be5 38. Rxb4 Ra1+ 39. Rd1 Rxd1+
40. Qxd1 Bd6 41. Ra4 Qe5 42. Qg1 Qe4+ 43. Qg2 Qc2 44. Bb5 Qd1+ 0-1

[Event "Memorial Armando Rizzoni"]
[Site "Campinas"]
[Date "2009.05.10"]
[Round "9"]
[White "Fier, Alexandr"]
[Black "Leitao, Rafael"]
[Result "1/2-1/2"]
[WhiteElo "2595"]
[BlackElo "2590"]
[PlyCount "138"]
[EventDate "2009.05.13"]
[SourceDate "2009.05.04"]

1. d4 d5 2. c4 c6 3. Nf3 Nf6 4. Nc3 dxc4 5. a4 Bf5 6. Ne5 Nbd7 7. Nxc4 Nb6 8.
Ne5 a5 9. f3 Nfd7 10. Nxd7 Nxd7 11. e4 Bg6 12. f4 e6 13. Bc4 Nf6 14. Qd3 Qb6
15. f5 exf5 16. exf5 Bh5 17. h3 O-O-O 18. g4 Rxd4 19. Be3 Qxb2 20. Bxd4 Qxa1+
21. Nd1 Qxa4 22. O-O Qa3 23. Qxa3 Bxa3 24. gxh5 Rd8 25. Bb6 Rd7 26. h6 gxh6 27.
Ne3 Bb2 28. Rb1 Be5 29. Ng4 Nxg4 30. hxg4 a4 31. Re1 Bc7 32. Bc5 b5 33. Ba2 Ba5
34. Re8+ Kc7 35. Re7 Rxe7 36. Bxe7 Kd7 37. Bc5 f6 38. Kf2 Kc7 39. Ke2 Bc3 40.
Bf8 Be5 41. Be6 Bf4 42. Kf3 Bg5 43. Bc5 Bc1 44. Ke4 Bd2 45. Bg8 h5 46. gxh5 h6
47. Be6 Bg5 48. Kd4 Bh4 49. Kd3 Bg5 50. Kc3 Bf4 51. Kd4 Bd6 52. Bg8 Kd7 53. Bf7
Kc7 54. Be6 b4 55. Kc4 Bxc5 56. Kxc5 b3 57. Kb4 b2 58. Ba2 Kd6 59. Kxa4 Ke5 60.
Bb1 Kf4 61. Kb3 Kg5 62. Kxb2 Kxh5 63. Kc3 Kg4 64. Kd4 h5 65. Kc5 h4 66. Kxc6 h3
67. Kd5 h2 68. Be4 h1=Q 69. Bxh1 Kxf5 1/2-1/2

[Event "Memorial Armando Rizzoni"]
[Site "Campinas"]
[Date "2009.05.11"]
[Round "10"]
[White "Rodriguez, Andres"]
[Black "Fier, Alexandr"]
[Result "0-1"]
[WhiteElo "2524"]
[BlackElo "2595"]
[PlyCount "118"]
[EventDate "2009.05.13"]
[SourceDate "2009.05.04"]

1. d4 Nf6 2. Nf3 e6 3. Bg5 c5 4. e3 b6 5. Bd3 Bb7 6. O-O Be7 7. Nbd2 O-O 8. c3
cxd4 9. exd4 d6 10. Re1 Nbd7 11. a4 a6 12. Nc4 Re8 13. Bf4 Qc7 14. Rc1 Bd5 15.
Nfd2 Bf8 16. Bg3 g6 17. Ne3 Bb7 18. c4 Nh5 19. b4 Bg7 20. Nb3 Nxg3 21. hxg3 a5
22. c5 bxc5 23. Nxa5 Bxd4 24. Bb5 Bxe3 25. Rxe3 Bd5 26. Nb3 Red8 27. Qe2 Qa7
28. bxc5 Bxb3 29. Rxb3 Nxc5 30. Rb4 Qe7 31. Qe3 Qf6 32. Rd4 Kg7 33. Rdc4 Ra5
34. Rh4 Kg8 35. Rd1 Raa8 36. Rc4 h5 37. Qh6 Rab8 38. Qe3 e5 39. Bc6 Rb3 40. Qe2
Rdb8 41. Bb5 Kg7 42. Qc2 Ra3 43. Rb4 e4 44. Rxd6 Ra1+ 45. Bf1 Qxd6 46. Rxb8 Qd4
47. Qb2 Qxb2 48. Rxb2 Nxa4 49. Rc2 Nb6 50. Rc3 Nd5 51. Rb3 Re1 52. Rb5 Nc3 53.
Rb2 Rc1 54. Rd2 f5 55. Rb2 g5 56. Rd2 Kf6 57. Rb2 f4 58. gxf4 gxf4 59. g3 f3
0-1

[Event "Memorial Armando Rizzoni"]
[Site "Campinas"]
[Date "2009.05.11"]
[Round "10"]
[White "Chauca Murgas, Jose Luis"]
[Black "Barreto Filho, Carlos Alberto"]
[Result "1-0"]
[WhiteElo "2098"]
[BlackElo "2273"]
[PlyCount "77"]
[EventDate "2009.05.13"]
[SourceDate "2009.05.04"]

1. e4 c5 2. Nf3 d6 3. Bb5+ Nd7 4. d4 Ngf6 5. Nc3 cxd4 6. Qxd4 e5 7. Qd3 h6 8.
Be3 Be7 9. O-O a6 10. Bc4 Qc7 11. Nd5 Nxd5 12. Bxd5 O-O 13. c4 Nc5 14. Qa3 Be6
15. Rac1 a5 16. Bxc5 dxc5 17. Bxe6 fxe6 18. Qa4 Rxf3 19. gxf3 Bg5 20. Rcd1 Qf7
21. Rd3 Bf4 22. Rfd1 Qh5 23. Kf1 Bg5 24. Qd7 Qh3+ 25. Ke2 Rf8 26. Qxb7 Kh8 27.
Qb6 Qxh2 28. Qxc5 Qf4 29. Qxa5 Bh4 30. Qb6 h5 31. Qxe6 Kh7 32. Qh3 Bg5 33.
Qxh5+ Bh6 34. b3 Rf6 35. Qg4 Qh2 36. Rg1 Ra6 37. a4 Rf6 38. Rg2 Qh1 39. Rd1 1-0

[Event "Memorial Armando Rizzoni"]
[Site "Campinas"]
[Date "2009.05.11"]
[Round "10"]
[White "Oliveira, Silvio Eduardo"]
[Black "Santos, Marcus Vinicius M"]
[Result "1/2-1/2"]
[WhiteElo "2360"]
[BlackElo "2399"]
[PlyCount "40"]
[EventDate "2009.05.13"]
[SourceDate "2009.05.04"]

1. e4 e5 2. Nf3 Nc6 3. Bb5 f5 4. Nc3 fxe4 5. Nxe4 Nf6 6. Nxf6+ Qxf6 7. Qe2 Be7
8. Bxc6 bxc6 9. Nxe5 O-O 10. O-O Qe6 11. Re1 Bc5 12. Nf3 Qxe2 13. Rxe2 d6 14.
d3 Bg4 15. Be3 Bb4 16. c3 Ba5 17. Rae1 Bxf3 18. gxf3 Rxf3 19. b4 Bb6 20. Bxb6
cxb6 1/2-1/2

[Event "Memorial Armando Rizzoni"]
[Site "Campinas"]
[Date "2009.05.11"]
[Round "10"]
[White "De Nucci, Gilberto"]
[Black "El Debs, Felipe de Cresce"]
[Result "0-1"]
[WhiteElo "2060"]
[BlackElo "2465"]
[PlyCount "74"]
[EventDate "2009.05.13"]
[SourceDate "2009.05.04"]

1. e4 c5 2. Nf3 e6 3. d4 cxd4 4. Nxd4 Nc6 5. Nc3 Qc7 6. Be3 Nf6 7. Be2 a6 8.
O-O Bb4 9. Na4 Be7 10. Nxc6 bxc6 11. Bb6 Qf4 12. Bd3 d5 13. g3 Qb8 14. Re1 dxe4
15. Bxe4 Nxe4 16. Rxe4 O-O 17. Bd4 Rd8 18. Qe2 c5 19. Be5 Qb7 20. b3 Qc6 21.
Rf1 Bb7 22. f3 Rd5 23. Bc3 Rf5 24. Re3 Rd8 25. Ba5 Rd4 26. c3 Rg4 27. Nb6 h5
28. Nc4 h4 29. Ne5 Rxe5 30. Rxe5 hxg3 31. h3 Rh4 32. Kg2 Bd6 33. Rg5 Rh6 34. c4
Bf4 35. Rg4 e5 36. Bd2 Bc8 37. Rxg3 Bxh3+ 0-1

[Event "Memorial Armando Rizzoni"]
[Site "Campinas"]
[Date "2009.05.12"]
[Round "11"]
[White "Fusco, Leonardo"]
[Black "De Nucci, Gilberto"]
[Result "0-1"]
[WhiteElo "2405"]
[BlackElo "2060"]
[PlyCount "68"]
[EventDate "2009.05.13"]
[SourceDate "2009.05.04"]

1. e4 e5 2. Nf3 Nc6 3. Bb5 a6 4. Bxc6 dxc6 5. Nc3 Bg4 6. h3 Bxf3 7. Qxf3 Qf6 8.
Qxf6 Nxf6 9. d3 O-O-O 10. Be3 Bb4 11. O-O Rhe8 12. g4 h5 13. f3 Nd7 14. Kh2 Bc5
15. Bxc5 Nxc5 16. f4 hxg4 17. hxg4 exf4 18. Rxf4 f6 19. Ne2 Ne6 20. Rff1 c5 21.
b3 Nd4 22. Nxd4 cxd4 23. Kg3 Re5 24. Rae1 Rd6 25. Rf5 Kd7 26. Kh4 Ke6 27. Rxe5+
Kxe5 28. Kh5 Rc6 29. Re2 Kf4 30. Kg6 f5+ 31. Kxg7 fxg4 32. e5 Re6 33. Re4+ Kf5
34. Rxd4 g3 0-1

[Event "Memorial Armando Rizzoni"]
[Site "Campinas"]
[Date "2009.05.12"]
[Round "11"]
[White "Santos, Marcus Vinicius M"]
[Black "Saldano Dayer, Horacio"]
[Result "0-1"]
[WhiteElo "2399"]
[BlackElo "2449"]
[PlyCount "160"]
[EventDate "2009.05.13"]
[SourceDate "2009.05.04"]

1. d4 Nf6 2. c4 e6 3. Nc3 d5 4. cxd5 exd5 5. Bg5 c6 6. Qc2 Be7 7. e3 Nbd7 8.
Bd3 Nh5 9. Bxe7 Qxe7 10. Nge2 Nb6 11. O-O g6 12. Rae1 O-O 13. Nc1 Be6 14. Nb3
Nd7 15. e4 Nf4 16. Re3 Nxd3 17. Qxd3 dxe4 18. Qxe4 Nf6 19. Qf4 b6 20. Rfe1 Qd8
21. Nd2 Nd5 22. Nxd5 Bxd5 23. Re7 f6 24. h4 Rf7 25. R7e3 Qb8 26. Qg4 Qc8 27.
Qg3 Qb8 28. Qg4 Qc8 29. Qe2 Qf5 30. f3 Qf4 31. Qf2 Kg7 32. Re7 Raf8 33. b3 Rxe7
34. Rxe7+ Rf7 35. Re1 Rd7 36. Nf1 Bf7 37. Re4 Qd6 38. Ne3 f5 39. Re5 Qxd4 40.
f4 Kf8 41. Kh2 Rd5 42. Rxd5 cxd5 43. Qg3 Qe4 44. h5 d4 45. Nf1 Qe2 46. Kg1 d3
47. Qg5 Qe7 48. Qg3 Qc5+ 49. Kh2 Qc1 50. Qf2 Qc5 51. Qh4 Qe7 52. Qg3 Qd6 53.
Nd2 gxh5 54. Qe3 h4 55. Nf3 Qd5 56. Nd2 Be8 57. Qf2 Bc6 58. Kh3 Qg8 59. Nf1
Qg4+ 60. Kh2 Qe2 61. Kg1 Be4 62. Nd2 Qxf2+ 63. Kxf2 Ke7 64. Nf3 Kd6 65. Nxh4
Kc5 66. Ke3 Kb4 67. Kd2 Ka3 68. g4 fxg4 69. f5 g3 70. f6 Bd5 71. Kxd3 Kxa2 72.
b4 Kb3 73. Kd4 Bf7 74. b5 Kb4 75. Ke5 Kxb5 76. Kd6 a5 77. Ke7 Bh5 78. Ng2 a4
79. Nf4 a3 80. Nxh5 g2 0-1

[Event "Memorial Armando Rizzoni"]
[Site "Campinas"]
[Date "2009.05.12"]
[Round "11"]
[White "Name, Gabriel Ricardo S"]
[Black "Oliveira, Silvio Eduardo"]
[Result "1-0"]
[WhiteElo "2239"]
[BlackElo "2360"]
[PlyCount "95"]
[EventDate "2009.05.13"]
[SourceDate "2009.05.04"]

1. c4 c5 2. Nf3 Nc6 3. e3 Nf6 4. b3 g6 5. Bb2 Bg7 6. Be2 O-O 7. O-O d6 8. d4
cxd4 9. Nxd4 a5 10. Nc3 Nd7 11. Na4 Nb4 12. Qc1 Ne5 13. Rd1 Bd7 14. Nc3 Rc8 15.
Qd2 Na6 16. h3 Nc6 17. Ndb5 Nc5 18. f4 a4 19. Nd5 Ne4 20. Qc2 Bxb2 21. Qxb2 Be6
22. bxa4 Na5 23. Qd4 Bxd5 24. cxd5 Nc5 25. Rab1 Nd7 26. Rdc1 Rc5 27. Rxc5 Nxc5
28. h4 Qd7 29. e4 f6 30. Nc3 Qc7 31. h5 Nd7 32. Bg4 Qc5 33. Qxc5 Nxc5 34. Be2
gxh5 35. Kf2 Rc8 36. Rb5 b6 37. Ke3 Kg7 38. Kd2 Nd7 39. Bd3 Kh6 40. Ne2 Rg8 41.
g3 Rc8 42. Rb4 Kg7 43. Nd4 Nc5 44. Rxb6 Ra8 45. Bb5 Ra7 46. Ke3 f5 47. Nxf5+
Kf6 48. Rb8 1-0